On This Day: October 24th Quiz Stats

 Plays Quiz Updated Oct 24, 2017

Score 0/7 Timer 03:00
0 Plays Today
Question Answer Wrong Answers
Annie Edson Taylor becomes the first person to plunge down ______ in a barrel.
1901
Niagara Falls
97.8%
Mount McKinley
0.5%
Kali Gandaki Gorge
0.5%
Yosemite Falls
1.2%
The stock market crashes on the New York Stock Exchange, an event now known as this.
1929
Black Thursday
88.8%
Red Monday
2.1%
Gray Wednesday
0.5%
Bloody Tuesday
7.8%
This Canadian rapper, who gained recognition as an actor on the TV series ‘Degrassi: The Next Generation’, is born.
1986
Drake
74.7%
Lil Wayne
18.1%
The Weeknd
3.3%
Future
1.7%
This intergovernmental organization, which promotes international cooperation and order, is established.
1945
United Nations
73.3%
NATO
15.2%
World Health Organization
1.6%
League of Nations
8.6%
Police arrest spree killers John Allen Muhammad and Lee Boyd Malvo, ending the ______ sniper attacks in the area around Washington, D.C.
2002
Beltway
71.5%
Causeway
5.9%
Highway
17.1%
Byway
3.3%
Northern Rhodesia gains independence from the United Kingdom and becomes the Republic of ______.
1964
Zambia
54.5%
Nambia
6.9%
Tanzania
20.3%
Namibia
16.4%
This team loses to Manchester United, ending their streak of unbeaten matches at 49, a Premier League record.
2004
Arsenal F.C.
46.6%
Liverpool F.C.
18.9%
Tottenham Hotspur F.C.
3%
Chelsea F.C.
29.2%

You're not logged in!

Compare scores with friends on all Sporcle quizzes.
OR
Log In

You Might Also Like...

Show Comments

Extras

Top Quizzes Today


Score Distribution

Your Account Isn't Verified!

In order to create a playlist on Sporcle, you need to verify the email address you used during registration. Go to your Sporcle Settings to finish the process.

Report this User

Report this user for behavior that violates our Community Guidelines.

Details: